Selective Laser Melting of Novel Titanium-Tantalum Alloy as Orthopaedic Biomaterial

This book investigates the microstructural and mechanical properties of titanium-tantalum (TiTa) alloy formed using selective laser melting (SLM). TiTa has potential orthopaedic biomedical applications thanks to its high strength to modulus ratio. However, because it is difficult to obtain, it is st...

Full description

Bibliographic Details
Main Author: Sing, Swee Leong (Author, http://id.loc.gov/vocabulary/relators/aut)
Corporate Author: SpringerLink (Online service)
Format: Electronic eBook
Language:English
Published: Singapore : Springer Singapore : Imprint: Springer, 2019.
Edition:1st ed. 2019.
Series:Springer Theses, Recognizing Outstanding Ph.D. Research,
Subjects:
Online Access:Full Text via HEAL-Link
LEADER 03063nam a2200517 4500
001 978-981-13-2724-7
003 DE-He213
005 20190619070017.0
007 cr nn 008mamaa
008 180929s2019 si | s |||| 0|eng d
020 |a 9789811327247  |9 978-981-13-2724-7 
024 7 |a 10.1007/978-981-13-2724-7  |2 doi 
040 |d GrThAP 
050 4 |a R857.M3 
072 7 |a TGM  |2 bicssc 
072 7 |a TEC021000  |2 bisacsh 
072 7 |a TGM  |2 thema 
072 7 |a TCB  |2 thema 
082 0 4 |a 620.11  |2 23 
100 1 |a Sing, Swee Leong.  |e author.  |4 aut  |4 http://id.loc.gov/vocabulary/relators/aut 
245 1 0 |a Selective Laser Melting of Novel Titanium-Tantalum Alloy as Orthopaedic Biomaterial  |h [electronic resource] /  |c by Swee Leong Sing. 
250 |a 1st ed. 2019. 
264 1 |a Singapore :  |b Springer Singapore :  |b Imprint: Springer,  |c 2019. 
300 |a XVIII, 99 p. 58 illus., 50 illus. in color.  |b online resource. 
336 |a text  |b txt  |2 rdacontent 
337 |a computer  |b c  |2 rdamedia 
338 |a online resource  |b cr  |2 rdacarrier 
347 |a text file  |b PDF  |2 rda 
490 1 |a Springer Theses, Recognizing Outstanding Ph.D. Research,  |x 2190-5053 
505 0 |a Introduction -- Literature review -- Materials and characterisation methods -- Formation of titanium-tantalum alloy using selective laser melting -- Characterisation of selective laser melting titantium-tantalum alloy -- Statistical modelling of selective laser melting of cellular lattice structures -- Characterisation of titanium-tantalum lattice structures fabricated using selective laser melting -- Conclusions and future work. 
520 |a This book investigates the microstructural and mechanical properties of titanium-tantalum (TiTa) alloy formed using selective laser melting (SLM). TiTa has potential orthopaedic biomedical applications thanks to its high strength to modulus ratio. However, because it is difficult to obtain, it is still not widely used. The book describes how SLM is utilized to form this alloy, and provides a better understanding of the SLM process in porous lattice structure fabrication and its control through statistical modelling. 
650 0 |a Biomaterials. 
650 0 |a Manufactures. 
650 0 |a Biomedical engineering. 
650 1 4 |a Biomaterials.  |0 http://scigraph.springernature.com/things/product-market-codes/Z13000 
650 2 4 |a Manufacturing, Machines, Tools, Processes.  |0 http://scigraph.springernature.com/things/product-market-codes/T22050 
650 2 4 |a Biomedical Engineering/Biotechnology.  |0 http://scigraph.springernature.com/things/product-market-codes/B24000 
710 2 |a SpringerLink (Online service) 
773 0 |t Springer eBooks 
776 0 8 |i Printed edition:  |z 9789811327230 
776 0 8 |i Printed edition:  |z 9789811327254 
776 0 8 |i Printed edition:  |z 9789811348037 
830 0 |a Springer Theses, Recognizing Outstanding Ph.D. Research,  |x 2190-5053 
856 4 0 |u https://doi.org/10.1007/978-981-13-2724-7  |z Full Text via HEAL-Link 
912 |a ZDB-2-CMS 
950 |a Chemistry and Materials Science (Springer-11644)